• 首页
  • 本馆介绍
  • 公告通知
  • 最新文献
  • 馆藏检索
  • 电子资源
  • 读者导购
  • 参考咨询
  • 我的图书馆
  • 登录
  • 详细信息显示
  • 放入我的书架
  • 预约/预借图书
  • 作者相关作品
  • 分类相关作品
  • 丛书相关作品
  • 出版社相关作品

书目信息

  • 表格格式
  • 工作单格式
  • 卡片格式
题名:
广雅疏证索引
    
 
作者: 戴山青 编
分册:  
出版信息: 北京   中华书局  1990
页数: 276页
开本: 26cm
丛书名:
单 册:
中图分类: Z89:H131.4
科图分类:
主题词: 文摘 , 索引
电子资源:
ISBN: 7-101-00671-X
000 00576nam0 2200205 45
001 0405121087
005 20061127162855.31
010    @a7-101-00671-X@dCNY8.40
100    @a20040512d1990 km y0chiy0120 ea
101 0  @achi
105    @a z 000yy
200 1  @a广雅疏证索引@AGuang Ya Shu Zheng Suo Yin@f戴山青编@Fdai shan qing bian
210    @a北京@c中华书局@d1990
215    @a276页@d26cm
606 0  @a文摘
606 0  @a索引
690    @aZ89:H131.4@v3
701  0 @a戴山青@Adai shan qing@4编
801    @aCN@bTSTCL@c20061127
905    @f1@b262662@f1@b232623@dZ89:H131.4@e90
    
    广雅疏证索引/戴山青编.-北京:中华书局,1990
    276页;26cm
    
    
    ISBN 7-101-00671-X:CNY8.40
    
●
相关链接 在E读中查询图书 在五车中查询图书 在当当中查询图书 在豆瓣中查询图书


正题名:广雅疏证索引     索取号:Z89:H131.4/90         预约/预借

序号 登录号 条形码 馆藏地/架位号 状态 备注
1 0232623   001558111   密集书库/ [索取号:Z89:H131.4/90] 在馆    
2 0232624   202125681   第二样本阅览室/ [索取号:Z89:H131.4/90] 在馆    
3 0262662   001558120   第三借阅区/ [索取号:Z89:H131.4/90] 在馆    
唐山师范学院图书馆 欢迎您!
大连网信软件有限公司© 版权所有